| 000 | 00713nam a22002292 4500 | ||
|---|---|---|---|
| 001 | 0000019455 | ||
| 005 | 20151217152155.0 | ||
| 008 | 101116s xx 000 0 eng d | ||
| 020 | _a0538451289 : | ||
| 040 |
_aKABU _cKABU |
||
| 100 | 1 |
_aFraedrich, John. _@0000178274 |
|
| 245 | 1 | 0 |
_aEthical decision making for business / _cJohn Fraedrich, O. C. Ferrell, Linda Ferrell. |
| 250 | _a8th ed. | ||
| 260 |
_aMason, OH : _bSouth-Western, _c2011. |
||
| 300 | _axxi, 521 p. | ||
| 650 | 0 |
_aBusiness ethics. _@0000149180 |
|
| 700 | 1 |
_aFerrell, O. C. _@0000151489 |
|
| 700 | 1 |
_aFerrell, Linda. _@0000178275 |
|
| 852 | 1 | _9p4534.40 KES | |
| 908 | _a101116 | ||
| 950 | _@1 | ||
| 999 |
_c8969 _d8969 |
||